Oeuvres choisies de G. Legouvé / (Record no. 172411)

MARC details
000 -LEADER
campo de control de longitud fija 00826nam a2200193 i 4500
001 - NÚMERO DE CONTROL
campo de control 172411
003 - IDENTIFICADOR DE NÚMERO DE CONTROL
campo de control ES-MaACL
005 - FECHA Y HORA DE LA ÚLTIMA TRANSACCIÓN
campo de control 20230906214914.0
008 - DATOS DE LONGITUD FIJA--INFORMACIÓN GENERAL
campo de control de longitud fija 090702s1854 fr |||| | fre d
080 ## - NÚMERO DE LA CLASIFICACIÓN DECIMAL UNIVERSAL
Número de la Clasificación Decimal Universal 821.133.1-14"17"
080 ## - NÚMERO DE LA CLASIFICACIÓN DECIMAL UNIVERSAL
Número de la Clasificación Decimal Universal 821.133.1-2"17"
100 1# - ENTRADA PRINCIPAL--NOMBRE DE PERSONA
Nombre de persona Legouvé, Gabriel-Marie-Jean-Baptiste.
9 (RLIN) 140927
245 10 - MENCIÓN DEL TÍTULO
Título Oeuvres choisies de G. Legouvé /
Mención de responsabilidad, etc. précedées d'une notice par Ernest Legouvé.
260 ## - PUBLICACIÓN, DISTRIBUCIÓN, ETC.
Lugar de publicación, distribución, etc. Paris :
Nombre del editor, distribuidor, etc. Jules Laisné, librairie,
Fecha de publicación, distribución, etc. 1854.
300 ## - DESCRIPCIÓN FÍSICA
Extensión 320 p. :
Otras características físicas il. ;
Dimensiones 17 cm.
505 8# - NOTA DE CONTENIDO CON FORMATO
Nota de contenido con formato Contiene : Poèmes : Le mérite des femmes ; Les souvenirs ; La sépulture ; La mélancolie. Théatre : La mort d'Abel ; Épicharis et Néron. Poésies diverses
700 0# - ENTRADA AGREGADA--NOMBRE PERSONAL
Nombre de persona Legouvé, Ernest.
9 (RLIN) 71292
852 ## - LOCALIZACIÓN
Ubicación ES-MaACL
Número de control de estantería E-12736
itemnumber R-140318
Nota libre .- Enc. hol.
-- .-Biblioteca Jacinto Martínez Lacalle
Holdings
Estatus retirado Estado de pérdida Estado de daño No para préstamo Colección Biblioteca de origen Biblioteca actual Ubicación en estantería Fecha de adquisición Fuente de adquisición Total de préstamos Signatura topográfica completa Código de barras Visto por última vez Precio de reemplazo Tipo de ítem Koha
        Libros del s. XIX Biblioteca del Ateneo de Madrid Biblioteca del Ateneo de Madrid Depósito 2 02/07/2009     E-12736 1180933 23/02/2023 23/02/2023 Libro impreso antiguo